00404pab a2200145 454500008004000000100002100040245008500061260000900146300001400155362001000169650002100179650001300200650002500213773002000238180718b2008 xxu||||| |||| 00| 0 eng d aSharma, Jitendra aA research into the functioning of the regulatory bodies in the higher education c2008 ap.128-31. a4 Feb aHigher education aResearch aEducational research aUniversity News